| 000 | 00441cam a2200181ua 4500 | ||
|---|---|---|---|
| 020 | _c21.00 | ||
| 041 |
_aeng _h |
||
| 082 |
_a828.09 _bLEL/SH |
||
| 100 | _aLelyveld, Toby . | ||
| 245 |
_aShylock on the stage / _cToby Lelyveld. _hTextual Documents |
||
| 250 |
_a1 / _b. |
||
| 260 |
_aLondon : _bRoutledge & Kegan Paul Ltd , _c1960. |
||
| 300 | _a149 ; . | ||
| 365 | _a21.00 | ||
| 504 | _a | ||
| 942 | _cBK | ||
| 999 |
_c5320 _d5320 |
||